| 000 | 00540cam a22001577a 4500 | ||
|---|---|---|---|
| 008 | 180718b2004 xxu||||| |||| 00| 0 eng d | ||
| 100 | _aDabalen, Andrew | ||
| 245 |
_aThe returns to participation in the non-farm sector in rural Rwanda _cby Andrew Dabalen, Stefano Paternostro and Gaelle Pierre |
||
| 260 |
_aWashington, D.C. _bWorld Bank _c2004 |
||
| 300 | _a33p. | ||
| 440 | _aPolicy research working paper; no. 3462 | ||
| 650 | _aRural Rwanda | ||
| 650 | _aNon-farm sector | ||
| 700 | _aPierre, Gaelle | ||
| 700 | _aPaternostro, Stefano | ||
| 999 |
_c291739 _d291739 |
||